000
00261nam a2200097Ia 4500
001
645946
005
20250826153633.0
008
250824s9999 xx 000 0 und d
245
0
_a
EVLİYA ÇELEBİ NİN İZİNDE İSTANBUL
_c
ENİS TEMİZEL
260
_b
GENÇ TİMAŞ
999
_c
645946
_d
645946